Statistics for 5 Largest US Cities Per Letter

Click here to take the quiz!

General Stats

  • This quiz has been taken 125 times
  • The average score is 60 of 129

Answer Stats

LetterPopulationCity% Correct
B4,181,019Boston
94%
A4,515,419Atlanta
93%
N18,351,295New York City
93%
D5,121,892Dallas
92%
A1,362,416Austin
91%
C8,608,208Chicago
91%
P5,441,567Philadelphia
91%
L12,150,996Los Angeles
90%
H4,944,332Houston
89%
J90,057Jackson, MI
89%
J351,478Jackson, MS
89%
K1,519,417Kansas City
88%
S2,956,746San Diego
88%
D2,374,213Denver
87%
I1,487,483Indianapolis
87%
J1,065,219Jacksonville, FL
86%
J105,419Jacksonville, NC
86%
S3,281,212San Francisco
86%
P1,733,853Pittsburgh
84%
S3,059,383Seattle
83%
M5,502,379Miami
82%
W4,586,770Washington DC
82%
C1,780,673Cleveland
81%
O1,510,516Orlando
81%
P3,629,114Phoenix
81%
B2,203,663Baltimore
80%
C1,624,827Cincinnati
80%
D3,734,090Detroit
80%
L1,886,011Las Vegas
80%
O861,505Oklahoma City
80%
C1,368,035Columbus
77%
E803,086El Paso
77%
N969,587Nashville
77%
T2,441,770Tampa
77%
S1,758,210San Antonio
76%
A741,318Albuquerque
74%
M1,060,061Memphis
74%
M2,650,890Minneapolis
74%
N899,703New Orleans
74%
R884,891Raleigh
74%
L972,546Louisville
73%
P1,849,898Portland
72%
V1,439,666Virginia Beach
70%
B935,906Buffalo
69%
O725,008Omaha
69%
C1,249,442Charlotte
68%
S2,150,786St. Louis
68%
H802,459Honolulu
67%
M1,376,476Milwaukee
64%
R963,556Richmond
63%
T843,168Tucson
61%
F654,628Fresno
59%
T655,479Tulsa
58%
P1,190,956Providence
56%
B749,495Birmingham
54%
D450,070Des Moines
54%
Q40,042*Quincy, IL
52%
Q94,580*Quincy, MA
52%
Q7,838*Quincy, WA
52%
G311,810Greensboro
51%
W472,870Wichita
49%
A594,962Albany
47%
T507,643Toledo
44%
F313,492Fort Wayne
43%
K558,696Knoxville
43%
R720,572Rochester
43%
G569,935Grand Rapids
42%
L431,388Little Rock
40%
R392,141Reno
40%
R1,932,666Riverside
40%
D724,091Dayton
38%
H924,859Hartford
38%
U117,328Utica
37%
E229,351Evansville
36%
F310,282Fayetteville
34%
W391,024Winston-Salem
34%
E247,421Eugene
32%
E196,611Erie
30%
B923,311Bridgeport
29%
Y387,550Youngstown
29%
W486,514Worcester
28%
H444,474Harrisburg
26%
G206,520Green Bay
24%
N562,839New Haven
24%
Y135,267Yuma
24%
U59,644*Union
23%
A664,651Allentown
22%
G400,492Greenville
22%
I106,621Iowa City
22%
T296,668Trenton
22%
W219,957Wilmington
22%
Z23,419*Zion
22%
F356,218Flint
21%
X375*Xenia, IL
21%
X26,562*Xenia, OH
21%
H286,892Huntsville
19%
O367,260Oxnard
18%
Z25,446*Zanesville
16%
I53,661Ithaca
14%
K217,630Killeen
14%
M728,825McAllen
14%
U79,646*Upland
13%
Y232,045York
13%
K209,703Kalamazoo
12%
O546,026Ogden
12%
Y129,534Yakima
12%
I90,733Idaho Falls
11%
L402,004Lancaster
11%
V219,454Visalia
11%
G208,948Gulfport
10%
Z28,343*Zionsville
10%
J120,415Johnson City
9%
U80,224*Union City, CA
9%
U72,152*Union City, NJ
9%
N226,400Nashua
8%
V165,074Vallejo
8%
V328,454Victorville
6%
X200*Xavier
6%
I345,580Indio
4%
Q42,503*Queen Creek
4%
Y116,719Yuba City
4%
X2,000*Xanadu
3%
Z66,609Zephyrhills
3%
K314,071Kissimmee
2%
Z18,278*Zachary
2%
E143,592Elkhart
1%
Q8,814*Quakertown
1%
V95,259Vineland
1%
X50*Xenophone
0%

Score Distribution

Percentile by Number Answered

Percent of People with Each Score

Your Score History

You have not taken this quiz